Evaluación de integridad ecológica, propuesta metodológica. Herramienta para el análisis de efectividad en el largo plazo en el área del Sistema de Parques Nacionales Naturales de Colombia (Registro nro. 6531)

Detalles MARC
000 -CABECERA
Campo de control 02748nam a2200301 a 4500
005 - FECHA Y HORA DE LA ULTIMA TRANSACCION
Campo de control 20200104041610.0
008 - ELEMENTOS DE LONGITUD FIJA—INFORMACION GENERAL
Campo de control 140121b2007 ck ||||| |||| 00| 0 spa d
040 ## - FUENTE DE CATALOGACIÓN
Agencia catalogadora original CO-BoIAVH
Agencia transcriptora CO-BoIAVH
041 ## - IDIOMA
Código de idioma para texto/pista de sonido o título separado Español
044 ## - PAÍS DE PUBLICACIÓN
País de publicación Colombia
090 ## - CLASIFICACIÓN LOCAL
Colección IAVH
Consecutivo 001052
100 ## - ASIENTO PRINCIPAL--NOMBRE PERSONAL
Nombre personal Zambrano L., Hernando
9 (RLIN) 4363
245 ## - MENCION DE TITULO
Título Evaluación de integridad ecológica, propuesta metodológica. Herramienta para el análisis de efectividad en el largo plazo en el área del Sistema de Parques Nacionales Naturales de Colombia
260 ## - PUBLICACION, DISTRIBUCION, ETC. (PIE DE IMPRENTA)
Lugar de publicación, distribución, etc. Bogotá
Nombre del editor, distribuidor, etc. Instituto Alexander von Humbold
-- WWF
-- UAESPNN
Fecha de publicación, distribución, etc. 2007
300 ## - DESCRIPCION FISICA
Extensión 26 p.
520 ## - NOTA DE RESUMEN, ETC.
Nota de resumen Como parte del proceso para evaluar la efectividad del manejo de las áreas protegidas que conforman el Sistema de Parques Nacionales de Colombia, se puso a prueba la metodología de evaluación de integridad ecológica de Parrish et al. (2003) y Herrera AND Corrales (2004) en un conjunto piloto de cinco áreas protegidas. La prueba consistió en un ejercicio participativo con expertos, para ajustar cada uno de los pasos metodológicos de acuerdo con las condiciones particulares de los Parques Nacionales Naturales en Colombia. Se modificaron los criterios para limitar el número de objetos de conservación, incluyendo un criterio secundario relacionado con uso de biodiversidad. Se desarrolló además una propuesta de selección y evaluación de atributos ecológicos clave y un mecanismo para establecer los rangos aceptables de variación, basados en un árbol de decisiones que contrasta los indicadores con una línea de referencia. Finalmente, se ajustaron las descripciones para el índice de integridad ecológica de acuerdo con los requerimientos de manejo de los Parques Nacionales Naturales de Colombia y se evaluaron los doce indicadores con más factibilidad de medición para analizar Integridad Ecológica, correspondientes a objetos de conservación asociados a paisajes/ecosistemas y especies/poblaciones, tomando en cuenta sus características de pertinencia, credibilidad, factibilidad, claridad y utilidad comparativa. Además y como anexos van a ir las hojas metodológicas, cada una con sus correspondientes autores. Este documento será el cuarto cuadernillo del documento de efectividad que se público en 2005 por Parques Nacionales
650 ## - ASIENTO SECUNDARIO DE MATERIA - TERMINO TEMATICO
Término temático o nombre geográfico como elemento de entrada Conservación
9 (RLIN) 101571
650 ## - ASIENTO SECUNDARIO DE MATERIA - TERMINO TEMATICO
Término temático o nombre geográfico como elemento de entrada Biodiversidad
9 (RLIN) 101572
650 ## - ASIENTO SECUNDARIO DE MATERIA - TERMINO TEMATICO
Término temático o nombre geográfico como elemento de entrada Areas protegidas
9 (RLIN) 78
650 ## - ASIENTO SECUNDARIO DE MATERIA - TERMINO TEMATICO
Término temático o nombre geográfico como elemento de entrada Efectividad del manejo
9 (RLIN) 4364
650 ## - ASIENTO SECUNDARIO DE MATERIA - TERMINO TEMATICO
Término temático o nombre geográfico como elemento de entrada Integridad ecológica
9 (RLIN) 4365
650 ## - ASIENTO SECUNDARIO DE MATERIA - TERMINO TEMATICO
Término temático o nombre geográfico como elemento de entrada Parques nacionales naturales de Colombia
9 (RLIN) 4366
700 ## - ASIENTO SECUNDARIO - NOMBRE PERSONAL
Nombre personal Pardo, Marco
9 (RLIN) 4367
700 ## - ASIENTO SECUNDARIO - NOMBRE PERSONAL
Nombre personal Naranjo, Luis Germán
9 (RLIN) 4368
856 ## - LOCALIZACION Y ACCESO ELECTRONICOS
Identificador Uniforme del Recurso http://repository.humboldt.org.co/handle/20.500.11761/35231
942 ## - ELEMENTOS ADICIONALES (KOHA)
Tipo de ítem CD-ROM
Sistema de clasificación Local
945 ## - PROCESAMIENTO LOCAL
AAAA-MM-DD - Fecha de ingreso o modificacion 2008-09-03
Existencias
Withdrawn status Lost status Sistema de Clasificación Damaged status No para préstamo Colección Inventariado Ubicación Permanente Ubicación actual Fecha de adquisición Total Checkouts Número topográfico Inventario / Código de Barras Date last seen Date checked out Ejemplar Price effective from Forma de adquisición Tipo de material
    Local     Humboldt Inventariado 2017 Bogotá Bogotá 02/09/2008 1 IAVH-01052 http://repository.hu 08/06/2018 07/06/2018 Ej. 1 04/12/2012 Institucional Informe Técnico